Demografie : distanční studijní opora /

Hlavní autor: Vystoupil, Jiří, 1951-
Korporativní autor: Masarykova univerzita. Ekonomicko-správní fakulta
Jazyk: Čeština
Vydáno: Brno : Masarykova univerzita, Ekonomicko-správní fakulta, 2005
Vydání: Vyd. 1.
Témata:
Externí odkaz: Digitalizovaný dokument
Fyzický popis: 180 s. : il., mapy ; 29 cm
Knihy
Uloženo v:
LEADER 01762nam a2200445 a 4500
001 nkc20051530928
003 CZ PrNK
005 20070719102504.0
007 ta
008 050415s2005 xr ab e p 001 0 cze
015 |a cnb001530928 
020 |a 80-210-3655-9  |q (brož.) 
035 |a (OCoLC)186963884 
040 |a BOA001  |b cze  |d ABA001 
072 7 |a 314  |x Demografie. Populace  |2 Konspekt  |9 18 
072 7 |a 37.016  |x Učební osnovy. Vyučovací předměty. Učebnice  |2 Konspekt  |9 22 
080 |a 314  |2 MRF 
080 |a (075.8)  |2 MRF 
100 1 |a Vystoupil, Jiří,  |d 1951-  |7 ola2004220070  |4 aut 
245 1 0 |a Demografie :  |b distanční studijní opora /  |c Jiří Vystoupil 
250 |a Vyd. 1. 
260 |a Brno :  |b Masarykova univerzita, Ekonomicko-správní fakulta,  |c 2005 
300 |a 180 s. :  |b il., mapy ;  |c 29 cm 
500 |a Na obálce označení: KRDEMO 
500 |a Nad názvem: Masarykova univerzita, Ekonomicko-správní fakulta 
500 |a Terminologický slovník 
500 |a Obsahuje rejstřík 
500 |a 170 výt. 
650 0 7 |a demografie  |7 ph117181  |2 czenas 
650 0 9 |a demography  |2 eczenas 
655 7 |a učebnice vysokých škol  |7 fd133772  |2 czenas 
655 9 |a textbooks (higher)  |2 eczenas 
710 2 |a Masarykova univerzita.  |b Ekonomicko-správní fakulta  |7 kn20010709273 
856 4 1 |u http://www.digitalniknihovna.cz/mzk/uuid/uuid:adf59ab0-122e-11e8-bdb0-005056827e51  |y Digitalizovaný dokument  |x NDK 
910 2 |a BOA001  |b 3-1186.103 
990 |a BK 
995 |a 01 
991 |b 200705  |c NOV 
996 6 |b 2610310661  |c 3-1186.103  |l MZK  |r Sklad / do 1 hodiny  |n 14  |p p.v.  |w 000848825  |u 000010  |a 1  |e BOA001  |j MZK50  |s P 
996 7 |b 2610310662  |c 3-1186.103  |l Vol.výběr  |r VV 0p  |n 49  |p p.v.  |h 314 VYS  |w 000848825  |u 000020  |a 0  |e BOA001  |j MZK50  |s A